From quarks to the cosmos : (Record no. 6477)
[ view plain ]
| 000 -LEADER | |
|---|---|
| fixed length control field | 00945nac a22002771u 4500 |
| 010 ## - | |
| -- | 89010207 |
| 020 ## - INTERNATIONAL STANDARD BOOK NUMBER | |
| International Standard Book Number | 071675052X : |
| 082 00 - DEWEY DECIMAL CLASSIFICATION NUMBER | |
| Classification number | 520 |
| Item number | LED |
| 090 ## - LOCALLY ASSIGNED LC-TYPE CALL NUMBER (OCLC); LOCAL CALL NUMBER (OCLC) | |
| -- | 6477 |
| -- | 6477 |
| 100 ## - MAIN ENTRY--PERSONAL NAME | |
| Personal name | Lederman, Leon M. |
| 245 10 - TITLE STATEMENT | |
| Title | From quarks to the cosmos : |
| Remainder of title | tools of discovery / |
| Statement of responsibility, etc | Leon M. Lederman, David N. Schramm. |
| 260 ## - | |
| -- | New York : |
| -- | Scientific American Library : |
| -- | Distributed by W.H. Freeman,c1989. |
| -- | c1989. |
| 300 ## - PHYSICAL DESCRIPTION | |
| Extent | x, 242 p. : |
| Other physical details | ill. (some col.) ; |
| Dimensions | 24 cm. |
| 336 ## - CONTENT TYPE | |
| Source | rdacontent |
| Content type term | text |
| Content type code | txt |
| 337 ## - MEDIA TYPE | |
| Media type term | unmediated |
| Source | rdamedia |
| Media type code | n |
| 338 ## - CARRIER TYPE | |
| Carrier type term | volume |
| Carrier type code | nc |
| Source | rdacarrier |
| 440 #0 - | |
| -- | Scientific American Library series ; |
| -- | no. 28 |
| 500 ## - GENERAL NOTE | |
| General note | Includes index. |
| 500 ## - GENERAL NOTE | |
| General note | Distributer: Al-Ahram. |
| 511 ## - | |
| -- | Catalogued By: Mahitab. |
| 650 #0 - SUBJECT ADDED ENTRY--TOPICAL TERM | |
| Topical term or geographic name as entry element | Astronomy. |
| 650 #0 - SUBJECT ADDED ENTRY--TOPICAL TERM | |
| Topical term or geographic name as entry element | Particles (Nuclear physics) |
| 650 #0 - SUBJECT ADDED ENTRY--TOPICAL TERM | |
| Topical term or geographic name as entry element | Science |
| General subdivision | Philosophy. |
| 700 1# - ADDED ENTRY--PERSONAL NAME | |
| Personal name | Schramm, David N. |
| 942 ## - ADDED ENTRY ELEMENTS (KOHA) | |
| Koha item type | Book - Borrowing |
| Call number prefix | 520LED |
| Classification part | RDA-MOD |
| Withdrawn status | Lost status | Damaged status | Not for loan | Home library | Current library | Shelving location | Date acquired | Source of acquisition | Total Checkouts | Total Renewals | Full call number | Barcode | Date last seen | Date checked out | Price effective from | Koha item type |
|---|---|---|---|---|---|---|---|---|---|---|---|---|---|---|---|---|
| Central Library | Central Library | First floor | 25/11/2007 | Purchase | 3 | 5 | 520LED | 000007982 | 15/07/2025 | 09/07/2023 | 25/11/2007 | Book - Borrowing |